Cómo acercarse a la sociología / (Record no. 8852)

MARC details
000 -CABECERA
campo de control de longitud fija 00616nam a2200205 a 4500
005 - FECHA Y HORA DE LA ÚLTIMA TRANSACCIÓN
campo de control 20240925065633.0
008 - ELEMENTOS DE LONGITUD FIJA--INFORMACIÓN GENERAL
campo de control de longitud fija 991125s1997 mx 000 0 spa u
020 ## - NÚMERO INTERNACIONAL NORMALIZADO PARA LIBROS
Número Internacional Estándar del Libro 9681838289
035 ## - NÚMERO DE CONTROL DEL SISTEMA
Número de control de sistema UPN01000008852
049 ## - COLECCIÓN
Colección CG
050 #4 - SIGNATURA TOPOGRÁFICA DE LA BIBLIOTECA DEL CONGRESO
Número de clasificación HM63
Número de documento/Ítem P42
100 1# - ASIENTO PRINCIPAL--NOMBRE PERSONAL
Nombre de persona Peña, Ricardo de la
245 10 - MENCIÓN DE TÍTULO
Título Cómo acercarse a la sociología /
Mención de responsabilidad, etc. Ricardo de la Peña y Rosario Toledo Laguardia.
260 ## - PUBLICACIÓN, DISTRIBUCIÓN, ETC.
Lugar de publicación, distribución, etc. México :
Nombre del editor, distribuidor, etc. CNCA :
-- Gobierno del Estado de Quéretaro,
Fecha de publicación, distribución, etc. 1997.
300 ## - DESCRIPCIÓN FÍSICA
Extensión 126 p.
440 #0 - MENCIÓN DE SERIE/ASIENTO SECUNDARIO--TÍTULO
Título Cómo acercarse a
650 #4 - ASIENTO SECUNDARIO DE MATERIA - TERMINO TEMATICO
Término de materia o nombre geográfico como elemento de entrada Sociología
9 (RLIN) 5756
700 1# - ASIENTO SECUNDARIO--NOMBRE DE PERSONAL
Nombre de persona Toledo Laguardia, Rosario,
Término indicativo de función/relación coaut.
905 ## - TIPO DE MATERIAL
Tipo de material Libro
Holdings
Estado de retiro Estado de pérdida Fuente del sistema de clasificación o colocación Estado dañado No para préstamo Código de colección Localización permanente Ubicación/localización actual Ubicación en estantería Total de préstamos Clasificación Código de barras Fecha visto por última vez Número de copia Tipo de ítem Koha Fecha de adquisición Fecha del último préstamo
    Library of Congress Classification     Colección General Bib. Gregorio Torres Quintero Bib. Gregorio Torres Quintero Planta baja 12 HM63 P42 153469 31/12/2020 1 Libro    
    Library of Congress Classification     Colección General Bib. Gregorio Torres Quintero Bib. Gregorio Torres Quintero Planta baja 13 HM63 P42 153468 19/09/2023 1 Libro 06/09/2023 06/09/2023
    Library of Congress Classification     Colección General Bib. Gregorio Torres Quintero Bib. Gregorio Torres Quintero Planta baja 14 HM63 P42 153467 04/11/2022 1 Libro 29/10/2022 29/10/2022